Finish the Lyrics - Counting Stars - Statistics

General Stats
  • This quiz has been taken 304 times
    302 since last reset
  • The average score is 64 of 78
Answer Stats
Hint Answer % Correct
___, but I'm not that ___ old
95%
___, but I'm not that ___ old
95%
Everything that _____ me makes me feel alive kills
94%
Everything that _____ me makes me feel alive kills
94%
Lately, I've been, I've been losing _____ sleep
94%
Lately, I've been, I've been losing _____ sleep
94%
Lately, I've been, I've been losing _____ sleep
94%
Lately, I've been, I've been losing _____ sleep
94%
Lately, I've been, I've been losing _____ sleep
94%
Lately, I've been, I've been losing _____ sleep
94%
________ about the things that we could be dreaming
93%
________ about the things that we could be dreaming
93%
________ about the things that we could be dreaming
93%
________ about the things that we could be dreaming
93%
________ about the things that we could be dreaming
93%
________ about the things that we could be dreaming
93%
_____, but I'm not that bold young
93%
_____, but I'm not that bold young
93%
Doing the wrong _____ thing
91%
Doing the right _____ thing
91%
Doing the right _____ thing
91%
And I feel something so _____ wrong
90%
And I feel something so _____ wrong
90%
Said, "No more counting _______, we'll be counting stars" dollars
89%
Said, "No more counting _______, we'll be counting stars" dollars
89%
Said, "No more counting _______, we'll be counting stars" dollars
89%
Said, "No more counting _______, we'll be, we'll be counting stars" dollars
89%
Said, "No more counting _______, we'll be counting stars" dollars
89%
Said, "No more counting _______, we'll be counting stars" dollars
89%
On just doing what we're ____ told
88%
Just doing what we're ____ told
88%
And I feel something so _____ right
87%
and I feel it ____ burn
86%
watch it ____ burn
86%
watch it ____ burn
86%
watch it ____ burn
86%
watch it ____ burn
86%
watch it ____ burn
86%
(we'll be counting stars) burn
86%
watch it ____ (we'll be counting stars) burn
86%
watch it ____ (woo) burn
86%
watch it ____ burn
86%
Swing my _____ across the line heart
86%
I couldn't ___, couldn't ___, couldn't ___ lie
86%
I couldn't ___, couldn't ___, couldn't ___ lie
86%
Seek it out and ye shall ____ find
81%
Make that _____, money
79%
Oh-oh, take that _____, money
79%
You could take that _____, money
79%
You could take that _____, money
79%
You could take that _____, money
79%
You could take that _____, money
79%
You could take that _____, money
79%
You could take that _____, money
79%
Take that _____, money
79%
like a swinging ____ vine
76%
And, baby, I've been, I've been _______ hard praying
73%
And, baby, I've been, I've been _______ hard praying
73%
And, baby, I've been, I've been _______ hard praying
73%
And, baby, I've been, I've been _______ hard (oh, oh) praying
73%
And, baby, I've been, I've been _______ hard praying
73%
And, baby, I've been, I've been _______ hard praying
73%
And I don't think the world is ____ sold
73%
And I don't think the world is ____ sold
73%
Sink in the river the _______ I've learned lessons
69%
Sink in the river the _______ I've learned lessons
69%
Sink in the river the _______ I've learned lessons
69%
Sink in the river the _______ I've learned lessons
69%
Sink in the river the _______ I've learned (whoa-oh) lessons
69%
Sink in the river the _______ I've learned lessons
69%
Sink in the river the _______ I've learned (woo, ho-oh) lessons
69%
Sink in the river the _______ I've learned lessons
69%
I see this ____, life
69%
I feel your ____, love
65%
Down this _____, every turn river
65%
And in my face is flashing _____ signs
58%
Everything that ______ me makes me wanna fly drowns
54%
____ is our four-letter word hope
51%
No matching quizzes found
Score Distribution
Percent of People with Each Score
Percentile by Number Answered
Your Score History
You have not taken this quiz since the last reset